LEADER 01054nam0-2200373---450- 001 990009320380403321 005 20120323103516.0 010 $a978-1-4129-7165-2 035 $a000932038 035 $aFED01000932038 035 $a(Aleph)000932038FED01 035 $a000932038 100 $a20110215d2010----km-y0itaa50------ba 101 0 $aeng 102 $aUS 105 $a--------001yy 200 1 $aFractal analysis$fClifford T. Brown, Larry S. Liebovitch 210 $aThousand Oaks$cSAGE Publications, Inc.$d2010 215 $axv, 90 p.$d22 cm 225 1 $aQuantitative applications in the social sciences$v165 610 0 $aScienze sociali 610 0 $aMetodologia 676 $a514.742 700 1$aBrown,$bClifford T.$0155765 701 1$aLiebovitch$bLarry S.$0510220 801 0$aIT$bUNINA$gRICA$2UNIMARC 901 $aBK 912 $a990009320380403321 952 $aXXIX-D-161$b11201$fMAS 952 $a10810 SAG/165$b409/DEC$fSES 959 $aMAS 959 $aSES 996 $aFractal analysis$9765552 997 $aUNINA LEADER 04405nam2 2200613 i 450 001 PUV0245666 005 20251003044311.0 020 $aIT$b68-7064 100 $a20040513d1968 ||||0itac50 ba 101 | $aita 102 $ait 181 1$6z01$ai $bxxxe 182 1$6z01$an 200 1 $aˆ5: La ‰supremazia della Francia (1648-1688)$fa cura di Francis Ludwig Carsten 210 $aMilano$cGarzanti$d1968 215 $aXV, 827 p., \32! c. di tav.$cill.$d25 cm. 461 1$1001PUV0044532$12001 $aStoria del mondo moderno$v5 464 1$1001CSA0126847$12001 $aIntroduzione$el'epoca di Luigi 14.$fF.L. Carsten.$1700 1$aCarsten$b, Francis Ludwig$3CFIV010215$4070 464 1$1001CSA0126849$12001 $aˆLa ‰filosofia$fW. von Leyden.$1700 1$aLeyden$b, Wolfgang : von$3RAVV031293$4072 464 1$1001CSA0126852$12001 $aEconomia e politica economica$fD.C. Coleman.$1700 1$aColeman$b, D. C.$3TO0V025568$4072 464 1$1001CSA0126853$12001 $aˆIl ‰pensiero politico$fStephan Skelweit.$1700 1$aSkalweit$b, Stephan$3SBLV128966$4070 464 1$1001CSA0126854$12001 $aStato e chiesa$fAnne Whiteman.$1700 1$aWhiteman$b, Anne$3TO0V350969$4070 464 1$1001CSA0126855$12001 $aˆLe ‰arti$fRudolf Wittkower.$1700 1$aWittkower$b, Rudolf$3CFIV039970$4070 464 1$1001CSA0126856$12001 $aˆLe ‰strutture sociali e l'organizzazione degli stati$fGeorge Clark.$1700 1$aClark$b, George$3RAVV061737$4070 464 1$1001CSA0126857$12001 $aDiplomazia e politica estera francese$fG. Zeller.$1700 1$aZeller$b, Gaston$3RAVV041923$4070 464 1$1001CSA0126883$12001 $aˆL'‰Inghilterra dopo la restaurazione$fDavid Ogg.$1700 1$aOgg$b, David$3SBLV096925$4070 464 1$1001CSA0126885$12001 $aˆLa ‰Francia di Luigi 14.$fJ. Lough.$1700 1$aLough$b, J.$3UFIV009809$4070 464 1$1001CSA0126889$12001 $aˆL'‰arte, il pensiero e la letteratura in Francia nel 17. secolo$fDavid Ogg.$1700 1$aOgg$b, David$3SBLV096925$4070 464 1$1001CSA0126891$12001 $aˆL'‰Europa e l'America del Nord$fE.E. Rich.$1700 1$aRich$b, E. E.$3MODV115531$4070 464 1$1001CSA0126917$12001 $aˆLa ‰Spagna e il suo impero$fIuan Reglà.$1700 1$aReglà$b, Iuan$3CSAV038697$4070 464 1$1001CSA0126922$12001 $aˆIl ‰Portogallo e il suo impero$fV.M. Godinho.$1700 1$aGodinho$b, Vitorino Magalhaes$3MILV040387$4070 500 11$aˆThe ‰ascendancy of France (1648-1688)$3PUV0245669$93613332 606 $aFRANCIA$xStoria$x1648-1688$2FIR$3NAPC092657$9I 606 $aStoria moderna e contemporanea$2FIR$3CFIC007282$9E 676 $a030$9$v14 676 $a909.08$9STORIA MODERNA, 1450/1500-$v12 676 $a909.08$9STORIA MODERNA, 1450/1500-$v20 676 $a909.08$9STORIA MONDIALE. STORIA MODERNA, 1450/1500-$v21 676 $a909.6$9STORIA MONDIALE, 1600-1699$v21 676 $a940.25$9STORIA GENERALE DELL'EUROPA. 1648-1789$v22 676 $a944.033$9STORIA. FRANCIA. Regno di Luigi XIV, 1643-1715.$v22 696 $aStoria moderna$aStoria contemporanea 699 $aStoria moderna e contemporanea$xStoria moderna$xStoria contemporanea 702 1$aCarsten$b, Francis Ludwig$3CFIV010215 801 3$aIT$bIT-000000$c20040513 850 $aIT-BN0095 $aIT-NA0602 $aIT-NA0622 $aIT-SA0060 $aIT-BN0083 $aIT-NA0243 $aIT-NA0537 $aIT-AV0001 $aIT-AV0003 $aIT-AV0007 $aIT-NA0079 $aIT-NA0120 $aIT-CE0127 $aIT-CE0066 $aIT-NA0189 $aIT-NA0310 $aIT-NA0666 $aIT-BN0052 $aIT-AV0045 $aIT-BN0015 $aIT-NA0695 $aIT-NA0580 $aIT-NA0312 $aIT-NA0313 $aIT-NA0839 901 $bNAP SC$c55 $n$ 912 $aPUV0245666 950 2$aBiblioteca Centralizzata di Ateneo$cv. 1-12$d 01STORICA 7 STODMM$e 01S 0090010785 VMA (0005 v. 5$fB $h20250324$i20250324 950 2$aCentro Librario e Bibliotecario per la Diffusione della cultura$c12 v.$d 67SALA A A XI 8.1$e 67 0000045545 VMA (5 v. 5$fC $h20140226$i20140226 967 $n14 977 $a 01$a 07$a 21$a 27$a 32$a 67$a 68$a AL$a AR$a AV$a BN$a CR$a CT$a CV$a DP$a FS$a GV$a MG$a MV$a PB$a PG$a PS$a SC$a SE$a VR 996 $aAscendancy of France (1648-1688)$93613332 997 $aUNISANNIO